Central Library OPAC University of Rajshahi

রক্তাক্ত বাংলা / (Record no. 78475)

MARC details
000 -LEADER
fixed length control field 01053nam a2200241 4500
001 - CONTROL NUMBER
control field 78475
003 - CONTROL NUMBER IDENTIFIER
rucl marc code BD-RjUL
005 - DATE AND TIME OF LATEST TRANSACTION
control field 20211209083132.0
008 - FIXED-LENGTH DATA ELEMENTS--GENERAL INFORMATION
fixed length control field 210927r19741971bg ||||| |||| 00| 0 ben d
020 ## - INTERNATIONAL STANDARD BOOK NUMBER
Terms of availability :Tk. 22.00
035 ## - SYSTEM CONTROL NUMBER
System control number (BD-RjUL)78701
040 ## - CATALOGING SOURCE
Original cataloging agency BD-RjUL
Language of cataloging eng
Transcribing agency BD-RjUL
041 ## - LANGUAGE CODE
Language code of text/sound track or separate title eng
082 ## - DEWEY DECIMAL CLASSIFICATION NUMBER
Edition number 23
Classification number 954.92
Author mark and year RAK 1974
245 00 - TITLE STATEMENT
Title রক্তাক্ত বাংলা /
Statement of responsibility, etc. সংকলন: মুক্তধারা
260 ## - PUBLICATION, DISTRIBUTION, ETC. (IMPRINT)
Place of publication, distribution, etc. ঢাকা:
Name of publisher, distributor, etc. মুক্তধারা,
Date of publication, distribution, etc. ১৯৭১ [পুনমুর্দ্রণ ১৯৭৪]
300 ## - PHYSICAL DESCRIPTION
Pagination [১০], ৪৮৬, ২৬ পৃ. :
Illustrations চিত্র;
Size ২১ সেমি.
500 ## - GENERAL NOTE
General note "মুজিবনগরে প্রথম প্রকাশ: আগষ্ট ১৯৭১ ; ঢাকায় পুনমুর্দ্রণ: জুলাই ১৯৭৪"
651 ## - SUBJECT ADDED ENTRY--GEOGRAPHIC NAME
Geographic name বাংলাদেশ
General subdivision ইতিহাস
9 (RLIN) 248501
Geographic name Bangladesh
General subdivision History
9 (RLIN) 248502
710 ## - ADDED ENTRY--CORPORATE NAME
Corporate name or jurisdiction name as entry element মুক্তধারা, সংকলক
9 (RLIN) 248503
942 ## - ADDED ENTRY ELEMENTS (KOHA)
Source of classification or shelving scheme Dewey Decimal Classification
Koha item type Rare Books
Holdings
Lost status Source of classification or shelving scheme Damaged status Not for loan Collection code Permanent Location Current Location Shelving location Date acquired Source of acquisition Cost, normal purchase price Total Checkouts Full call number Date last seen Copy number Koha item type
  Dewey Decimal Classification   Not For Loan Rare Books Central Library, University of Rajshahi Central Library, University of Rajshahi Rare Book Section 08/04/1977 Dacca, Eureka Book Agency 22.00   BRA 954.92 RAK 1974 27/09/2021 C-1 Rare Books